The old man and the sea / (Record no. 34597)

MARC details
000 -LEADER
campo de control de longitud fija 01836cam a2200421 a 4500
001 - NÚMERO DE CONTROL
campo de control 57110
003 - IDENTIFICADOR DE NÚMERO DE CONTROL
campo de control BJBSDDR
005 - FECHA Y HORA DE LA ÚLTIMA TRANSACCIÓN
campo de control 20240717120102.0
007 - CAMPO FIJO DE DESCRIPCIÓN FÍSICA--INFORMACIÓN GENERAL
campo de control de longitud fija ta
008 - DATOS DE LONGITUD FIJA--INFORMACIÓN GENERAL
campo de control de longitud fija 030602s2003 nyu n e eng d
010 ## - NÚMERO DE CONTROL DE LA BIBLIOTECA DEL CONGRESO
Número de control de LC cancelado o no válido 77081618
020 ## - NÚMERO INTERNACIONAL ESTÁNDAR DEL LIBRO
Número Internacional Estándar del Libro 0684801221
020 ## - NÚMERO INTERNACIONAL ESTÁNDAR DEL LIBRO
Número Internacional Estándar del Libro 9780684801223
035 ## - NÚMERO DE CONTROL DEL SISTEMA
Número de control de sistema (OCoLC)ocm52352698
035 ## - NÚMERO DE CONTROL DEL SISTEMA
Número de control de sistema (OCoLC)52352698
037 ## - FUENTE DE ADQUISICIÓN
Número de adquisición GW061
Fuente del número de adquisición RFBL
040 ## - FUENTE DE CATALOGACIÓN
Centro catalogador/agencia de origen RFB
Centro/agencia transcriptor RFB
Centro/agencia modificador OCLCQ
Lengua de catalogación eng
041 ## - CÓDIGO DE IDIOMA
Código de lengua del texto/banda sonora o título independiente eng
043 ## - CÓDIGO DE ÁREA GEOGRÁFICA
Código de área geográfica nwcu---
050 14 - SIGNATURA TOPOGRÁFICA DE LA BIBLIOTECA DEL CONGRESO
Número de clasificación PS 3515
Número de ítem H488o 2003
082 04 - NÚMERO DE LA CLASIFICACIÓN DECIMAL DEWEY
Número de clasificación 813.52
100 1# - ENTRADA PRINCIPAL--NOMBRE DE PERSONA
Nombre de persona Hemingway, Ernest,
Fechas asociadas al nombre 1899-1961
9 (RLIN) 15710
245 14 - MENCIÓN DEL TÍTULO
Título The old man and the sea /
Mención de responsabilidad, etc. Ernest Hemingway.
260 ## - PUBLICACIÓN, DISTRIBUCIÓN, ETC.
Lugar de publicación, distribución, etc. New York, N.Y. :
Nombre del editor, distribuidor, etc. Scribner,
Fecha de publicación, distribución, etc. 2003.
300 ## - DESCRIPCIÓN FÍSICA
Extensión 127 pages ;
Dimensiones 21 cm.
500 ## - NOTA GENERAL
Nota general Originally published: New York : Scribner Paperback Fiction, 1995, c1980. 1st Scribner Paperback Fiction ed.
520 ## - RESUMEN, ETC.
Sumario, etc. [This novel] is one of [the author's] most enduring works. Told in language of great simplicity and power, it is the story of an old Cuban fisherman, down on his luck, and his supreme ordeal -- a relentless, agonizing battle with a giant marlin far out in the Gulf Stream. Here [the author] recasts, in ... contemporary style, the classic theme of courage in the face of defeat, of personal triumph won from loss. Written in 1952, this ... successful novella confirmed his power and presence in the literary world and played a large part in his winning the 1954 Nobel Prize for literature.-Back cover.
650 #4 - PUNTO DE ACCESO ADICIONAL DE MATERIA--TÉRMINO DE MATERIA
Término de materia o nombre geográfico como elemento de entrada Novela estadounidense
9 (RLIN) 201
650 #4 - PUNTO DE ACCESO ADICIONAL DE MATERIA--TÉRMINO DE MATERIA
Término de materia o nombre geográfico como elemento de entrada Cuentos de aventuras
9 (RLIN) 37289
650 #4 - PUNTO DE ACCESO ADICIONAL DE MATERIA--TÉRMINO DE MATERIA
Término de materia o nombre geográfico como elemento de entrada Literatura estadounidense
9 (RLIN) 1025
650 #0 - PUNTO DE ACCESO ADICIONAL DE MATERIA--TÉRMINO DE MATERIA
Término de materia o nombre geográfico como elemento de entrada American fiction
Subdivisión cronológica 20th century.
650 #0 - PUNTO DE ACCESO ADICIONAL DE MATERIA--TÉRMINO DE MATERIA
Término de materia o nombre geográfico como elemento de entrada Fishers
Subdivisión de forma Fiction.
650 #0 - PUNTO DE ACCESO ADICIONAL DE MATERIA--TÉRMINO DE MATERIA
Término de materia o nombre geográfico como elemento de entrada Older men
Subdivisión de forma Fiction.
650 #0 - PUNTO DE ACCESO ADICIONAL DE MATERIA--TÉRMINO DE MATERIA
Término de materia o nombre geográfico como elemento de entrada Male friendship
Subdivisión de forma Fiction.
651 #0 - PUNTO DE ACCESO ADICIONAL DE MATERIA--NOMBRE GEOGRÁFICO
Nombre geográfico Cuba
Subdivisión de forma Fiction.
942 ## - ELEMENTOS DE ENTRADA SECUNDARIOS (KOHA)
Fuente del sistema de clasificación o colocación Clasificación de Library of Congress
Tipo de ítem Koha Libro
946 ## - PROCESAMIENTO DE INFORMACIÓN LOCAL (OCLC)
a Lspaulino
Holdings
Estatus retirado Estado de pérdida Fuente del sistema de clasificación o colocación Estado de daño No para préstamo Colección Biblioteca de origen Biblioteca actual Ubicación en estantería Fecha de adquisición Signatura topográfica completa Código de barras Visto por última vez Copia número Tipo de ítem Koha
    Clasificación de Library of Congress     Humanidades Biblioteca Juan Bosch Biblioteca Juan Bosch Humanidades (4to. Piso) 10/04/2023 PS 3515 H488o 2003 00000058258 24/10/2018 1 Libro